000 00483nam a2200193Ia 4500
999 _c56870
_d56870
001 2172
003 GE_BSU
005 20190527145538.0
008 181216s2007||||enk|||||||||||||| ||eng||
040 _cGE_BSU
080 _a811.111(075.8) A-18
100 _aCarr Jane Comyns, Sarah Cuggigham, Peter moor.
_91637
245 _aCuttinc EDCE. Pre-intermediate.Woorbook.
260 _aEdinburgh
260 _c2005
300 _a111 p. 28 cm.
541 _h7 L.
942 _cBK
_2udc